| 000 | 01008nam a2200253Ia 4500 | ||
|---|---|---|---|
| 003 | OSt | ||
| 005 | 20220923224206.0 | ||
| 006 | a|||||r|||| 00| 0 | ||
| 007 | ta | ||
| 008 | 220922b |||||||| |||| 00| 0 hin d | ||
| 024 | _a228,472 | ||
| 037 | _cTextual | ||
| 040 |
_aARTS _cARTS _bhin |
||
| 041 |
_2hin _ahin |
||
| 082 | _aO15v, 152N6.1-.8 | ||
| 100 |
_aउपाध्याय, बलदेव; पाण्डेय, संगम लाल _9167828 |
||
| 245 | 0 | _aसंस्कृत वाड़्मय का बृहद् इतिहास | |
| 246 | _aSanskṛut vāḍ़maya kā bṛuhad itihāsa | ||
| 260 |
_aलखनऊ _b उत्तर प्रदेश संस्कृत संस्थान _c1996 |
||
| 300 |
_a602पृ. _ccm. |
||
| 650 | _aसंस्कृत साहित्य | ||
| 942 |
_hO15v, 152N6.1-.8 _cTEXL _2CC |
||
| 999 |
_c369896 _d369896 |
||